000 00700cam a22002413a 4500
001 27266
003 PGUSA
005 20140828083605.0
008 081115s2008||||xxu|||||s|||||000 | eng d
040 _aPGUSA
_beng
042 _adc
050 4 _aBV
100 1 _aBates, Joseph,
_d1792-1872
245 1 4 _aThe Seventh Day Sabbath, a Perpetual Sign :
_b1847 edition
_h[electronic resource] /
_cJoseph Bates
260 _bProject Gutenberg,
_c2008
506 _aPublic domain in the USA.
516 _aElectronic text
653 _aSeventh-Day Adventists -- Doctrines
653 _aSabbath
830 0 _aProject Gutenberg
_v27266
856 4 0 _uhttp://www.gutenberg.org/ebooks/27266
942 _cEB
999 _c256521
_d256521